01796nam a2200517 i 450000100060000000300090000600500170001500800410003201500170007302000150009003500360010503500140014103500210015503500230017604000280019904600090022708000150023608000120025108000140026308000120027710000400028924500880032925000150041726000560043230000280048833600270051633700540054333800280059738000160062538000230064138000270066438500390069138500190073038800100074950400340075952101590079365000420095265000290099465000240102365800300104765500350107765000170111265000100112971000410113985600980118052223KOSZ 00520220504112952.0070103s2007 pl a f f |001 0 pol  aPB 2007/3987 a8320816629 a(PL-WaBN)b1857967x-48omnis_nlop ab1857967x a(OCoLC)749805096 a(PL)b000001857967x aWA NcWA NdKOSZ 005/HR k2007 a005.95/.96 a331.108 a658.310.8 a(075.8)1 aPocztowski, Aleksyd(1956- )eAutor10aZarządzanie zasobami ludzkimi :bstrategie, procesy, metody /cAleksy Pocztowski. aWyd. 2 zm. aWarszawa :bPolskie Wydawnictwo Ekonomiczne,c2007. a460 s. :bil. ;c24 cm. 2rdacontentaTekstbtxt 2rdamediaaBez urządzenia pośredniczącegobn 2rdacarrieraWoluminbnc aKsiążki aPublikacje naukowe aPublikacje dydaktyczne mPoziom nauczaniaaSzkoły wyższe aMenedżerowie a2001- aBibliogr. s. 435-453. Indeks.8 aDla studentów ekonomii, zarządzania i socjologii, uczestników kursów dla menedżerów oraz pracowników zarządząjących zasobami ludzkimi. 7aZarządzanie zasobami ludzkimi (HRM) 7aRekrutacja pracowników 7aOcena pracowników aZarządzanie i marketing 7aPodręczniki akademickie2DBN 7aZatrudnienie 7aKadry2 aPolskie Wydawnictwo Ekonomiczne4pbl uhttp://koha.tu.koszalin.pl/cgi-bin/koha/opac-detail.pl?biblionumber=52233yKatalog online BPK